000 00982nam a2200289 i 4500
001 91851
003 ES-MaACL
005 20250911062830.0
007 t|
008 050223s2004 sp ||||1| spa d
020 _a84-7522-539-X
080 _a821.134.2-14"19"
100 1 _aAumente, Julio,
_d1924-2006
_923917
245 1 0 _aPoesía completa
_b: (1955-1999) ; seguido del libro inédito Rollers /
_cJulio Aumente ; edición de Rafael Inglada ; prólogo de Luis Antonio de Villena.
260 _aMadrid :
_bVisor Libros,
_c[2004]
300 _a539 p. ;
_c20 cm.
490 1 _aColección Visor de poesía ;
_v539
650 4 _916177
_aPoesía española-
_yS.XX
655 7 _2tgfbne
_aPoesías
_9176539
700 0 _aInglada, Rafael,
_d1963-
_965293
700 1 _aVillena, Luis Antonio de,
_d1951-
_9240059
740 0 _aRollers.
830 0 _aColección Visor de poesía
_v539
_9177331
852 _aES-MaACL
_jL-28916
_bR.135045
942 _2udc
999 _c91851
_d91851